| 000 | 01245nam2a22002531 4500 | ||
|---|---|---|---|
| 001 | RU\NLR\INFOCOMM15\1000169118 | ||
| 005 | 20250617003849.0 | ||
| 035 | _a(NLR Aleph) 002319467 | ||
| 090 |
_a4374665 _c4374665 |
||
| 100 | _a20041011d1922 |||y0rusy50 ca | ||
| 101 | 0 | _arus | |
| 102 | _aRU | ||
| 105 | _ay ||||||||| | ||
| 200 | 0 |
_aВып.1 _fСост. землемер... Т.С. Бровцев |
|
| 210 |
_d[1922] _aБ. м. |
||
| 461 | 0 |
_1001RU\NLR\INFOCOMM15\1000169117 _12001#$aСборник законов и распоряжений Рабоче-крестьянского правительства по землеустройству и землепользованию$fПензенск. губ. зем. управление$vВып.1 _94374659 _cПенза _d[1922] _fПензенск. губ. зем. управление _tСборник законов и распоряжений Рабоче-крестьянского правительства по землеустройству и землепользованию _vВып.1 |
|
| 702 | 1 |
_aБровцев _bТ.С. _4220 |
|
| 801 | 1 |
_aRU _bInfoComm _c20041011 |
|
| 801 | 0 |
_aRU _bNLR _gPSBO |
|
| 852 |
_aNLR _jП22/2323 |
||
| 942 | _cISSUE | ||
| 980 | _aNB | ||
| 980 | _aRUSPER | ||